| 000 | 00722nam a2200205 a 4500 | ||
|---|---|---|---|
| 008 | 090319s2005 ||||||||||||||||| || u | ||
| 020 | _a024080659X | ||
| 050 | _aPN 4784.B75 Whi | ||
| 100 | _aWhite, ted | ||
| 245 | 1 | 0 |
_aBroadcast news writing, reporting and producing. (4th ed.) _cby Ted White |
| 250 | _a4th ed | ||
| 260 |
_aNew York _bFocal Press _c2005 |
||
| 300 | _axxxiv, 507p.: ill | ||
| 350 | _a0.00 | ||
| 650 | 0 | _aREPORT WRITING | |
| 650 | _aBROADCAST JOURNALISM | ||
| 650 | _aREPORTERS AND REPORTING | ||
| 650 | _aBROADCASTING | ||
| 995 |
_D0.00 _FCBU-MAIN LIBRARY (Kitwe) _H1 _I0.00 _M1 _UAVAILABLE _WApr 20, 2009 _ZMain Library Open Access Collection |
||
| 999 |
_c36175 _d36175 |
||